| 000 | 00000nam##2200000za#4500 |
| 001 | 9.699657 |
| 003 | CaOODSP |
| 005 | 20210625000458 |
| 007 | cr ||||||||||| |
| 008 | 150407|1997||||xxc|||||o f|0| 0 eng|d |
| 040 | |aCaOODSP|beng |
| 043 | |an-cn--- |
| 086 | 1 |aA22-165/5-1997E-PDF |
| 110 | 1 |aCanada.|bAgriculture and Agri-Food Canada. |bCommunications Branch. |
| 245 | 10|aAgriculture and Agri-food moving forward. Improving food inspection |h[electronic resource] |
| 260 | |aOttawa - Ontario : |bAgriculture and Agri-Food Canada. |cApril 1997. |
| 300 | |a8p.|bphotographs |
| 500 | |a"Historical publication digitized by Agriculture and Agri-Food Canada"--p. 2 of 8. |
| 590 | |a15-01-Supp|b2015-01-26 |
| 690 | 07|aAgri-food industry|2gcpds |
| 690 | 07|aFood inspection|2gcpds |
| 775 | 08|tL'agriculture et l'agroalimentaire au rendez-vous de l'avenir. Vers un système amélioré d'inspection des aliments |w(CaOODSP)9.643633 |
| 856 | 40|ahttp://publications.gc.ca|qPDF|s300 KB|uhttps://publications.gc.ca/collections/collection_2014/aac-aafc/agrhist/A22-165-5-1997-eng.pdf |
| 986 | |a1931E |